Perbandingan kesan dua teknik mengajar penulisan ke atas kualiti karangan pelajar tingkatan satu /
Saved in:
| Main Author: | |
|---|---|
| Format: | Thesis Book |
| Language: | Malay |
| Published: |
1992.
|
| Subjects: | |
| Tags: |
Add Tag
No Tags, Be the first to tag this record!
|
| LEADER | 01450cam a2200337 a 4500 | ||
|---|---|---|---|
| 001 | u247346 | ||
| 003 | SIRSI | ||
| 008 | 910628s1992 my t 00 1 may m | ||
| 035 | |a ABD-4451 | ||
| 040 | |a UMM | ||
| 043 | |a a-my--- | ||
| 090 | |a PL5083 |b Farmd | ||
| 091 | |a Microfiche 12218. | ||
| 093 | |a PL5083 |b Farmd | ||
| 100 | 0 | 0 | |a Faraded Mohd. Dom. |
| 245 | 1 | 0 | |a Perbandingan kesan dua teknik mengajar penulisan ke atas kualiti karangan pelajar tingkatan satu / |c Faraded bte. Mohd. Dom. |
| 260 | |c 1992. | ||
| 300 | |a ix, 159 leaves ; |c 29 cm. | ||
| 500 | |a PPZ. | ||
| 500 | |a Also available on microfiche. Kuala Lumpur : Perpustakaan Universiti Malaya, 1996. 2 fiches : negative ; 11x15 cm. | ||
| 502 | |a Dissertation (M.Ed.) -- Fakulti Pendidikan, Universiti Malaya, 1992. | ||
| 504 | |a Bibliography: leaves 140-146. | ||
| 650 | 0 | |a Malay language |x Composition and exercises |x Study and teaching (Secondary). | |
| 650 | 0 | |a Malay language |x Study and teaching (Secondary) |z Malaysia. | |
| 650 | 0 | |a Teaching |x Aids and devices. | |
| 710 | 2 | 0 | |a Universiti Malaya. |b Fakulti Pendidikan. |
| 948 | |a 27/08/1992 |b 23/06/2000 | ||
| 596 | |a 1 8 | ||
| 999 | |a PL5083 FARMD |w LC |c 1 |i A011129307 |d 26/6/2016 |e 26/6/2016 |l STACKS |m P01UTAMA |n 9 |r Y |s Y |t TESIS |u 27/8/1992 | ||
| 999 | |a PL5083 FARMD |w LC |c 2 |i A503699216 |d 13/12/2013 |e 13/12/2013 |l STACKS |m P01UTAMA |n 4 |r Y |s Y |t TESIS |u 10/3/1998 | ||
| 999 | |a PL5083 FARMD |w LC |c 1 |i A506696544 |l STACKS |m P08PENDIDI |r Y |s Y |t TESIS |u 24/10/1997 | ||
